| 000 | 00617cam a2200205 4500 | ||
|---|---|---|---|
| 001 | 1310 | ||
| 005 | 20181127163058.0 | ||
| 008 | 891117s1990 nyu 000 1 eng | ||
| 010 | _a 89025796 | ||
| 020 | _a0385414587 | ||
| 043 | _an-us--- | ||
| 100 | 1 |
_aGilman, Dorothy, _d1923- |
|
| 245 | 1 | 0 |
_aMrs. Pollifax and the whirling dervish / _cDorothy Gilman. |
| 260 |
_aNew York : _bFawcett Gold Medal, _c1991. |
||
| 300 |
_a211 p. ; _c18 cm. |
||
| 650 | 0 |
_aIntelligence service _xFiction. |
|
| 650 | 0 |
_aPollifax, Emily (Fictitious character) _xFiction. |
|
| 650 | 0 |
_aWomen spies _xFiction. |
|
| 655 | 7 |
_aSpy stories. _2gsafd |
|
| 999 |
_c944 _d944 |
||